Score 0/17 Timer 02:00
0 Plays Today
Hint 5-Letter Word % Correct
Pennsylvania, Washington, or Texas, e. g.STATE
96.4%
What you eat food off ofPLATE
96.3%
Hammerhead, nurse, or great white, e. g.SHARK
96%
Fixed gazeSTARE
95.7%
Aerial vehiclePLANE
95.7%
Born anew: a clean _____SLATE
95.3%
What a pirate might make you walkPLANK
95.2%
In bowling, when all ten pins are knocked down after two attemptsSPARE
93.9%
Gag, practical jokePRANK
92.8%
Hint 5-Letter Word % Correct
Small burst of electricitySPARK
92.4%
Homemade knife, slangilySHANK
85%
2006 Jason Statham movieCRANK
76.9%
1953 western classic or 'A Walk to Remember' actor WestSHANE
76.1%
To stretch one's neckCRANE
71.7%
Current fad or trendCRAZE
60.2%
Δ 9-part composition: '[first rung] On You _____ Diamond' ΔΔ CRAZY Δ
58.4%
Δ 9-part composition: '_____ On You [last rung] Diamond' ΔΔ SHINE Δ
57.7%

Today's Daily Dose

Missing Word
Extinct Animals

Get the Picture
Cornetto Trilogy

Remove Ads.
Support Sporcle.
Get the best of Sporcle when you Go Orange. This ad-free experience offers more features, more stats, and more fun while also helping to support Sporcle. Thank you for becoming a member.

You're not logged in!

Compare scores with friends on all Sporcle quizzes.
OR
Log In

Show Comments

Extras

Top Quizzes Today


Score Distribution

Your Account Isn't Verified!

In order to create a playlist on Sporcle, you need to verify the email address you used during registration. Go to your Sporcle Settings to finish the process.

Report this User

Report this user for behavior that violates our Community Guidelines.

Details: